| 000 | 00485nam a2200193Ia 4500 | ||
|---|---|---|---|
| 999 |
_c4234 _d4234 |
||
| 020 | _a81-7648-385-0 | ||
| 082 | _aRR 305.48602971 WOM- | ||
| 245 | 0 | _aWomen in Islam | |
| 260 |
_aNew Delhi _bA.P.H. Publishing _c2003 |
||
| 300 | _axiv, 479 | ||
| 650 |
_aWomen in Islam _vIndia |
||
| 650 | _aSocial systems | ||
| 650 | _aSociology, Islamic | ||
| 650 |
_aIslam _vIndia |
||
| 650 | _aReligion and law | ||
| 650 | _aCivil rights (Islamic law) | ||
| 700 | _aAhmad, Naseem | ||
| 942 | _cBK | ||